[Event "Rowy Seniors-ch 15th"]
[Site "Rowy"]
[Date "2009.09.14"]
[Round "7"]
[White "Turek, Andrzej"]
[Black "Les, Czeslaw"]
[Result "1-0"]
[WhiteElo "2039"]
[BlackElo "1922"]
[PlyCount "77"]
[EventDate "2009.09.08"]
[EventType "swiss"]
[EventRounds "9"]
[EventCountry "POL"]
[SourceTitle "EXT 2010"]
[Source "ChessBase"]
[SourceDate "2010.11.25"]
[SourceVersion "1"]
[SourceVersionDate "2010.11.25"]
[SourceQuality "1"]

1. e4 d5 2. exd5 Nf6 3. Bb5+ Bd7 4. Bc4 g6 5. Nc3 Bg7 6. Nf3 0-0 7. 0-0 a6 8. a4 Bg4 9. h3 Bf5 10. d3 Qd6 11. Re1 Nbd7 12. Ne4 Bxe4 13. dxe4 Nh5 14. c3 Nf4 15. e5 Qc5 16. Ba2 Nxh3+ 17. gxh3 Qb6 18. Qd4 c5 19. Qh4 e6 20. dxe6 Qc6 21. Ng5 h6 22. Nxf7 c4 23. Bxc4 g5 24. Qe4 Qxe4 25. Rxe4 Nc5 26. Re2 Rae8 27. Nd6 Re7 28. Be3 Nxe6 29. Nxb7 Kh8 30. Nc5 Nf4 31. Bxf4 Rxf4 32. Bxa6 g4 33. Rd1 gxh3 34. Rd8+ Bf8 35. Nd7 Kg7 36. Nxf8 h5 37. Bc8 Kh6 38. Rd6+ Kg5 39. Ne6+ 1-0

[Event "Rowy Seniors-ch 15th"]
[Site "Rowy"]
[Date "2009.09.11"]
[Round "4"]
[White "Krawcewicz, Lucyna"]
[Black "Turek, Andrzej"]
[Result "1-0"]
[WhiteElo "1966"]
[BlackElo "2039"]
[PlyCount "90"]
[EventDate "2009.09.08"]
[EventType "swiss"]
[EventRounds "9"]
[EventCountry "POL"]
[SourceTitle "EXT 2010"]
[Source "ChessBase"]
[SourceDate "2010.11.25"]
[SourceVersion "1"]
[SourceVersionDate "2010.11.25"]
[SourceQuality "1"]

1. d4 Nf6 2. Nf3 d5 3. c4 g6 4. cxd5 Nxd5 5. e4 Nb6 6. Nc3 Bg7 7. h3 0-0 8. Be3 N6d7 9. Bd3 c5 10. d5 b6 11. 0-0 Ne5 12. Nxe5 Bxe5 13. f4 Bg7 14. Bc4 Ba6 15. Qd3 Bxc4 16. Qxc4 Nd7 17. Rad1 a6 18. a4 Bh6 19. Qe2 Qc7 20. Rf3 Rfb8 21. g4 b5 22. axb5 axb5 23. e5 b4 24. Ne4 c4 25. Bd4 Bg7 26. d6 exd6 27. Nxd6 Nb6 28. Bxb6 Qxb6+ 29. Kg2 c3 30. Qc4 cxb2 31. Qxf7+ Kh8 32. Qb3 h6 33. Rb1 Qc6 34. Qxb2 b3 35. Kg3 Ra2 36. Qc3 Qd5 37. Qd3 Qa5 38. Nc4 Qc5 39. Qd6 Qa7 40. Qxg6 b2 41. Qc2 Ra1 42. Rxb2 Rg1+ 43. Kh2 Rd8 44. Ra2 Qc5 45. Nd6 Qb6 1-0

[Event "POL-ch disabled"]
[Site "Rowy"]
[Date "2009.09.06"]
[Round "8.4"]
[White "Turek, Andrzej"]
[Black "Olejarczyk, Bogdan"]
[Result "0-1"]
[WhiteElo "2039"]
[BlackElo "2143"]
[PlyCount "51"]
[EventDate "2009.09.01"]
[EventType "swiss"]
[EventRounds "9"]
[EventCountry "POL"]
[SourceTitle "EXT 2023"]
[Source "ChessBase"]
[SourceDate "2022.10.05"]
[SourceVersion "1"]
[SourceVersionDate "2022.10.05"]
[SourceQuality "1"]

1. e4 c5 2. c3 Nf6 3. e5 Nd5 4. d4 cxd4 5. Nf3 Nc6 6. Bc4 Nb6 7. Bb3 d5 8. exd6 Qxd6 9. Na3 a6 10. 0-0 Bf5 11. cxd4 e6 12. Bg5 Be7 13. Re1 Bxg5 14. Nxg5 0-0 15. g4 Qf4 16. Nh3 Qxg4+ 17. Qxg4 Bxg4 18. Ng5 Nxd4 19. Re4 Nxb3 20. axb3 Bf5 21. Rd4 Rfd8 22. Rad1 Rxd4 23. Rxd4 Rc8 24. Kg2 Nd5 25. Nc4 Rc6 26. Kg3 0-1

[Event "Koszalin op"]
[Site "Koszalin"]
[Date "2009.01.21"]
[Round "6"]
[White "Turek, Andrzej"]
[Black "Sokolowski, Ryszard"]
[Result "0-1"]
[WhiteElo "2031"]
[BlackElo "2119"]
[PlyCount "94"]
[EventDate "2009.01.18"]
[EventType "swiss"]
[EventRounds "9"]
[EventCountry "POL"]
[SourceTitle "CBM 128 Extra"]
[Source "ChessBase"]
[SourceDate "2009.03.05"]
[SourceVersion "2"]
[SourceVersionDate "2009.03.25"]
[SourceQuality "1"]

1. e4 d6 2. d4 Nf6 3. Nc3 e5 4. dxe5 dxe5 5. Qxd8+ Kxd8 6. Bg5 Be6 7. Nd5 Nbd7 8. Nf3 Kc8 9. Nxf6 gxf6 10. Bh4 Rg8 11. Bd3 a6 12. c3 c5 13. b3 Kc7 14. 0-0 h5 15. Rfd1 Bh6 16. Be2 Rg4 17. Rxd7+ Bxd7 18. Bxf6 Bg7 19. Bxg7 Rxg7 20. Nxe5 Bh3 21. Bf3 Bxg2 22. Bxg2 Rag8 23. Rd1 f6 24. Nf3 Rxg2+ 25. Kf1 R2g4 26. Rd5 Kc6 27. Rxh5 Rxe4 28. Rf5 Re6 29. Ne1 Rg5 30. Rf4 f5 31. Nf3 Rh5 32. h4 Re4 33. Rxe4 fxe4 34. Nd2 Rxh4 35. Ke2 Kd5 36. a4 b5 37. c4+ bxc4 38. Nxc4 Kd4 39. Nd6 Rh3 40. Nf5+ Ke5 41. Ne3 Rf3 42. Nc4+ Kd4 43. Nd2 Rc3 44. f4 Rh3 45. f5 Rh2+ 46. Ke1 Kd3 47. Nf1 Re2+ 0-1

[Event "Koszalin op"]
[Site "Koszalin"]
[Date "2009.01.19"]
[Round "3"]
[White "Turek, Andrzej"]
[Black "Mielczarski, Miroslaw"]
[Result "0-1"]
[WhiteElo "2031"]
[BlackElo "2240"]
[PlyCount "118"]
[EventDate "2009.01.18"]
[EventType "swiss"]
[EventRounds "9"]
[EventCountry "POL"]
[SourceTitle "CBM 128 Extra"]
[Source "ChessBase"]
[SourceDate "2009.03.05"]
[SourceVersion "2"]
[SourceVersionDate "2009.03.25"]
[SourceQuality "1"]

1. e4 e5 2. Nc3 Nc6 3. g3 Bc5 4. Bg2 d6 5. d3 Nf6 6. h3 a6 7. Nge2 0-0 8. 0-0 Be6 9. Kh2 d5 10. f4 dxe4 11. Nxe4 Nxe4 12. Bxe4 Bd5 13. Nc3 Bxe4 14. Nxe4 Be7 15. f5 f6 16. Be3 Qd5 17. Nc3 Qd7 18. Qg4 Rf7 19. Rad1 Rd8 20. h4 Bf8 21. h5 Nb4 22. Qe2 Nd5 23. Ne4 Nxe3 24. Qxe3 Qa4 25. Nc3 Qb4 26. Rb1 b6 27. a3 Qd6 28. Ne4 Qc6 29. Rf2 Qd5 30. Rg2 c5 31. g4 h6 32. b3 b5 33. Rd2 Qc6 34. c4 Rb7 35. Nc3 Rd4 36. Kg3 bxc4 37. dxc4 Rbd7 38. Nd5 Bd6 39. Kh3 Rb7 40. Rxd4 cxd4 41. Qe4 Kf7 42. Nxf6 Qxe4 43. Nxe4 Bxa3 44. c5 Ke7 45. c6 Rb6 46. c7 Kd7 47. g5 hxg5 48. Nxg5 Kxc7 49. Ne6+ Kd6 50. Nxg7 Kd5 51. Kg4 d3 52. Kf3 e4+ 53. Ke3 Bc5+ 54. Kd2 Bf8 55. Ne6 Bh6+ 56. Kc3 Rc6+ 57. Kb4 d2 58. Rd1 e3 59. Nd8 e2 0-1

[Event "Koszalin op"]
[Site "Koszalin"]
[Date "2009.01.19"]
[Round "4"]
[White "Zakoscielna, Kinga"]
[Black "Turek, Andrzej"]
[Result "1/2-1/2"]
[WhiteElo "2123"]
[BlackElo "2031"]
[PlyCount "106"]
[EventDate "2009.01.18"]
[EventType "swiss"]
[EventRounds "9"]
[EventCountry "POL"]
[SourceTitle "CBM 128 Extra"]
[Source "ChessBase"]
[SourceDate "2009.03.05"]
[SourceVersion "2"]
[SourceVersionDate "2009.03.25"]
[SourceQuality "1"]

1. e4 e5 2. Nf3 Nc6 3. Bb5 a6 4. Ba4 Nf6 5. 0-0 Nxe4 6. d4 b5 7. Bb3 d5 8. dxe5 Be6 9. c3 Nc5 10. Bc2 Bg4 11. Bf4 Be7 12. h3 Bh5 13. Nbd2 g5 14. Bg3 Qd7 15. a4 b4 16. Nb3 Nxb3 17. Bxb3 Rd8 18. Re1 Na5 19. Bc2 b3 20. Bd3 Nc4 21. Qe2 Qe6 22. Rad1 h6 23. Bxc4 dxc4 24. Rxd8+ Bxd8 25. Qe4 Bxf3 26. Qxf3 0-0 27. Qe4 Be7 28. Rd1 Rd8 29. Rxd8+ Bxd8 30. Qa8 Qd7 31. Kh2 h5 32. h4 Kg7 33. e6 fxe6 34. Be5+ Kh6 35. hxg5+ Kxg5 36. f4+ Kf5 37. Qf3 Kg6 38. Qe4+ Kh6 39. Qxc4 Qd5 40. Qxa6 h4 41. c4 Qd7 42. Qb5 Qd3 43. Qb4 Qg3+ 44. Kh1 c5 45. Qxc5 Be7 46. Qa5 Qe3 47. Qc3 Qf2 48. Kh2 Bc5 49. Kh3 Be3 50. f5 Qxf5+ 51. Kh2 Qf2 52. Kh3 Qf5+ 53. Kh2 Qf2 1/2-1/2

[Event "Rowy Veterans 14th"]
[Site "Rowy"]
[Date "2008.09.02"]
[Round "4.9"]
[White "Turek, Andrzej"]
[Black "Galyga, Jozef"]
[Result "1/2-1/2"]
[WhiteElo "1989"]
[BlackElo "1884"]
[PlyCount "88"]
[EventDate "2008.08.30"]
[EventType "swiss"]
[EventRounds "9"]
[EventCountry "POL"]
[SourceTitle "EXT 2023"]
[Source "ChessBase"]
[SourceDate "2022.10.05"]
[SourceVersion "1"]
[SourceVersionDate "2022.10.05"]
[SourceQuality "1"]

1. e4 e6 2. d4 d5 3. Nd2 Nf6 4. e5 Nfd7 5. Bd3 c5 6. c3 Nc6 7. Ngf3 Qb6 8. 0-0 cxd4 9. cxd4 Nxd4 10. Nxd4 Qxd4 11. Nf3 Qb6 12. Qa4 Be7 13. Qg4 Kf8 14. h4 Nc5 15. Bc2 a5 16. b3 f5 17. Qd4 Qb4 18. Qxb4 axb4 19. g3 Bd7 20. Bd2 Ne4 21. Bxe4 fxe4 22. Nd4 Kf7 23. Rfc1 Rhc8 24. Rxc8 Rxc8 25. Rc1 Rxc1+ 26. Bxc1 Bc5 27. Nc2 Bb5 28. Bd2 Bd3 29. Bxb4 Bxc2 30. Bxc5 Bb1 31. a3 Ba2 32. b4 Bc4 33. Kg2 Be2 34. a4 Bd1 35. a5 Be2 36. Kh3 h5 37. Kg2 Ke8 38. f3 exf3+ 39. Kf2 Kd7 40. Ke3 Kc6 41. Kd2 Kb5 42. Kc3 Bc4 43. Bf2 Kc6 44. Kd4 Kb5 1/2-1/2

[Event "Rowy Veterans 14th"]
[Site "Rowy"]
[Date "2008.09.01"]
[Round "3.5"]
[White "Lada, Ireneusz"]
[Black "Turek, Andrzej"]
[Result "1-0"]
[WhiteElo "2166"]
[BlackElo "1989"]
[PlyCount "74"]
[EventDate "2008.08.30"]
[EventType "swiss"]
[EventRounds "9"]
[EventCountry "POL"]
[SourceTitle "EXT 2023"]
[Source "ChessBase"]
[SourceDate "2022.10.05"]
[SourceVersion "1"]
[SourceVersionDate "2022.10.05"]
[SourceQuality "1"]

1. c4 c6 2. Nf3 d5 3. e3 Nf6 4. b3 Bg4 5. Bb2 Nbd7 6. h3 Bxf3 7. Qxf3 e6 8. g4 h6 9. Nc3 Ne5 10. Qg3 Bd6 11. f4 Ng6 12. cxd5 exd5 13. Bd3 d4 14. Ne4 Nxe4 15. Bxe4 dxe3 16. 0-0-0 e2 17. Rde1 Nxf4 18. Qc3 Qe7 19. Bxc6+ Kd8 20. Qxg7 Kc7 21. Bb5 a6 22. Bc4 b5 23. Bf6 Qe8 24. Bxf7 Ba3+ 25. Kb1 Qe4+ 26. Ka1 Rh7 27. Bd5+ Rxg7 28. Bxe4 Re8 29. Bxg7 Rxe4 30. Rh2 Bd6 31. Bxh6 Nd5 32. Rhxe2 Rd4 33. Be3 Rd3 34. Kb1 a5 35. a4 bxa4 36. bxa4 Rb3+ 37. Kc2 Rb4 1-0

[Event "Gdansk op"]
[Site "Gdansk"]
[Date "2008.07.26"]
[Round "8"]
[White "Krawczyk, Andrzej Jr"]
[Black "Turek, Andrzej"]
[Result "0-1"]
[WhiteElo "2161"]
[BlackElo "1989"]
[PlyCount "120"]
[EventDate "2008.07.19"]
[EventType "swiss"]
[EventRounds "9"]
[EventCountry "POL"]
[SourceTitle "EXT 2009"]
[Source "ChessBase"]
[SourceDate "2008.11.26"]
[SourceVersion "1"]
[SourceVersionDate "2008.11.26"]
[SourceQuality "1"]

1. e4 e5 2. Bc4 Nf6 3. d3 Bc5 4. Nf3 Nc6 5. c3 d6 6. 0-0 a6 7. Bb3 Ba7 8. Nbd2 0-0 9. h3 h6 10. Re1 Re8 11. Nf1 Ne7 12. Nh4 Be6 13. Qf3 Nh7 14. Bxe6 fxe6 15. Qg4 Nf6 16. Qxe6+ Kh7 17. Ng3 Qc8 18. Qb3 d5 19. Nf3 dxe4 20. Nxe4 Nxe4 21. Rxe4 Ng6 22. Be3 b6 23. Re1 c5 24. Rg4 Qd7 25. Qc4 Qf5 26. Qxa6 Re7 27. Qc4 Rd8 28. Qe4 Qxe4 29. dxe4 Bb8 30. Nh4 Nf4 31. Nf5 Red7 32. Rg3 Ne6 33. Bc1 b5 34. Ne3 Rd3 35. Nf1 Rd1 36. Rge3 R8d7 37. R3e2 c4 38. Be3 Ba7 39. g3 Bc5 40. Kg2 g5 41. Bc1 b4 42. Rd2 bxc3 43. bxc3 Bb6 44. Rxd7+ Rxd7 45. Ne3 Rc7 46. Nd5 Rb7 47. Nxb6 Rxb6 48. Be3 Ra6 49. Re2 Ra3 50. Rc2 Kg6 51. Kf3 h5 52. g4 h4 53. Ke2 Kf7 54. Kd2 Ke8 55. Kc1 Kd7 56. Kb2 Ra5 57. Rd2+ Kc6 58. Rd8 Rb5+ 59. Kc2 Ra5 60. Kb1 Rb5+ 0-1

[Event "Gdansk op"]
[Site "Gdansk"]
[Date "2008.07.24"]
[Round "6"]
[White "Worek, Joanna"]
[Black "Turek, Andrzej"]
[Result "1-0"]
[WhiteElo "2293"]
[BlackElo "1989"]
[PlyCount "97"]
[EventDate "2008.07.19"]
[EventType "swiss"]
[EventRounds "9"]
[EventCountry "POL"]
[SourceTitle "EXT 2009"]
[Source "ChessBase"]
[SourceDate "2008.11.26"]
[SourceVersion "1"]
[SourceVersionDate "2008.11.26"]
[SourceQuality "1"]

1. Nf3 Nf6 2. c4 d5 3. cxd5 Nxd5 4. Nc3 g6 5. e4 Nxc3 6. bxc3 Bg7 7. Be2 0-0 8. 0-0 c5 9. d4 Nc6 10. d5 Ne5 11. Nxe5 Bxe5 12. Qb3 e6 13. Bc4 exd5 14. Bxd5 Qf6 15. Bd2 Bf4 16. Rad1 a6 17. Bxf4 Qxf4 18. Qb6 Bg4 19. Rb1 Be2 20. Rfe1 Bd3 21. Rbd1 c4 22. Re3 Rab8 23. a4 Qe5 24. Rc1 Qe7 25. a5 Qa3 26. Ree1 Qe7 27. g3 Kg7 28. Qd4+ Kg8 29. h4 h5 30. Re3 Rbc8 31. Rf3 Rc7 32. Ra1 Rd7 33. Kh2 Kh7 34. Ra4 f5 35. exf5 Rxf5 36. Rxf5 gxf5 37. Rxc4 Bxc4 38. Qxc4 Rc7 39. Qf4 Qd7 40. Be6 Qe7 41. Qxf5+ Kh6 42. Qf4+ Kg7 43. Qe5+ Kh6 44. Qh8+ Kg6 45. Qg8+ Qg7 46. Qe8+ Kf6 47. Bd5 Qh7 48. Qe6+ Kg7 49. Be4 1-0

[Event "Brandenburg Seniors op 16th"]
[Site "Rowy"]
[Date "2007.06.19"]
[Round "2"]
[White "Muehlhan, Klaus"]
[Black "Turek, Andrzej"]
[Result "1-0"]
[WhiteElo "1902"]
[BlackElo "2045"]
[PlyCount "97"]
[EventDate "2007.06.18"]
[EventType "swiss"]
[EventRounds "9"]
[EventCountry "POL"]
[SourceTitle "EXT 2011"]
[Source "ChessBase"]
[SourceDate "2010.11.26"]
[SourceVersion "1"]
[SourceVersionDate "2010.11.26"]
[SourceQuality "1"]

1. e4 e5 2. Nf3 Nc6 3. Bb5 a6 4. Ba4 Nf6 5. 0-0 Nxe4 6. d4 b5 7. Bb3 d5 8. dxe5 Be6 9. Qe2 Be7 10. Rd1 0-0 11. c4 bxc4 12. Bxc4 Bc5 13. Be3 Bxe3 14. Qxe3 Qb8 15. Bb3 Na5 16. Nbd2 Qa7 17. Qxa7 Rxa7 18. Rac1 Nxb3 19. Nxb3 Rb8 20. Nfd4 Bd7 21. f3 Ng5 22. Nc5 Be8 23. b3 a5 24. h4 Ne6 25. Ncxe6 fxe6 26. Nxe6 a4 27. Rxc7 Rxc7 28. Nxc7 axb3 29. axb3 Bc6 30. Nxd5 Bxd5 31. Rxd5 Rxb3 32. e6 Kf8 33. Rf5+ Ke7 34. Rf7+ Kxe6 35. Rxg7 Kf5 36. Rxh7 Kf4 37. Re7 Rb8 38. Kh2 Rh8 39. Kh3 Rh6 40. Rf7+ Ke3 41. g4 Kf2 42. h5 Ra6 43. Kh4 Kg2 44. g5 Ra4+ 45. f4 Ra3 46. h6 Rg3 47. Kh5 Rh3+ 48. Kg6 Kg3 49. Kg7 1-0

[Event "Brandenburg Seniors op 16th"]
[Site "Rowy"]
[Date "2007.06.18"]
[Round "1"]
[White "Turek, Andrzej"]
[Black "Huth, Heinz"]
[Result "1-0"]
[WhiteElo "2045"]
[BlackElo "1735"]
[PlyCount "51"]
[EventDate "2007.06.18"]
[EventType "swiss"]
[EventRounds "9"]
[EventCountry "POL"]
[SourceTitle "EXT 2011"]
[Source "ChessBase"]
[SourceDate "2010.11.26"]
[SourceVersion "1"]
[SourceVersionDate "2010.11.26"]
[SourceQuality "1"]

1. e4 c5 2. c3 d5 3. exd5 Qxd5 4. d4 Nf6 5. Nf3 Bg4 6. Be2 e6 7. h3 Bh5 8. 0-0 Nc6 9. Be3 cxd4 10. cxd4 Bb4 11. a3 Be7 12. Nc3 Qd8 13. g4 Bg6 14. Ne5 Bd6 15. f4 Ne4 16. f5 Qh4 17. Nxe4 exf5 18. Bg5 Qxh3 19. Nxd6+ Kf8 20. Qd3 Qxd3 21. Bxd3 f6 22. Nxc6 fxg5 23. Ne5 Rd8 24. Nxf5 Bxf5 25. Rxf5+ Ke7 26. Re1 1-0

[Event "Gdansk-chA 7th"]
[Site "Gdansk"]
[Date "2005.11.10"]
[Round "3"]
[White "Turek, Andrzej"]
[Black "Zielinski, Wojciech"]
[Result "0-1"]
[WhiteElo "2086"]
[BlackElo "1875"]
[PlyCount "108"]
[EventDate "2005.11.05"]
[EventType "swiss"]
[EventRounds "9"]
[EventCountry "POL"]
[SourceTitle "EXT 2008"]
[Source "ChessBase"]
[SourceDate "2007.11.25"]
[SourceVersion "1"]
[SourceVersionDate "2007.11.25"]
[SourceQuality "1"]

1. e4 e6 2. d4 d5 3. Nd2 dxe4 4. Nxe4 Bd7 5. c3 Bc6 6. f3 Bxe4 7. fxe4 Qh4+ 8. Kd2 Qxe4 9. Nf3 Nc6 10. Bd3 Qd5 11. Re1 0-0-0 12. Qe2 Nf6 13. a4 Na5 14. Kd1 Nb3 15. Rb1 Nxc1 16. Kxc1 Bd6 17. g3 Nd7 18. b4 Qc6 19. Kd2 Qd5 20. c4 Bxb4+ 21. Rxb4 Qa5 22. Kc3 c5 23. dxc5 Nxc5 24. Bc2 Rd6 25. Qe5 Rhd8 26. Reb1 f6 27. Qe1 Na6 28. Be4 Rb6 29. Bxb7+ Kxb7 30. Qe4+ Kb8 31. c5 Rxb4 32. Rxb4+ Qxb4+ 33. Qxb4+ Nxb4 34. Kxb4 Rd3 35. Ne1 Rd2 36. Nf3 Rd1 37. Nh4 g5 38. Nf3 e5 39. Kc4 g4 40. Nh4 e4 41. Nf5 Rf1 42. Ne3 Rf3 43. Nxg4 h5 44. Nh6 Ra3 45. Kb4 Rxa4+ 46. Kc3 e3 47. Kd3 Ra3+ 48. Ke2 a5 49. Ng8 Rb3 50. Nxf6 a4 51. Nd7+ Kc7 52. Nb6 a3 53. Nc4 a2 54. Nd2 a1Q 0-1

[Event "Gdansk-ch 5th"]
[Site "Gdansk"]
[Date "2003.11.14"]
[Round "4"]
[White "Turek, Andrzej"]
[Black "Jalinski, Robert"]
[Result "1-0"]
[WhiteElo "2084"]
[BlackElo "2000"]
[PlyCount "119"]
[EventDate "2003.11.07"]
[EventType "swiss"]
[EventRounds "9"]
[EventCountry "POL"]
[SourceTitle "EXT 2008"]
[Source "ChessBase"]
[SourceDate "2007.11.25"]
[SourceVersion "1"]
[SourceVersionDate "2007.11.25"]
[SourceQuality "1"]

1. e4 c5 2. c3 e6 3. d4 d5 4. exd5 Qxd5 5. Nf3 Nc6 6. Bd3 cxd4 7. cxd4 Nf6 8. Be3 a6 9. 0-0 Bd6 10. Nc3 Qa5 11. Ne4 Nxe4 12. Bxe4 Ne7 13. a3 0-0 14. Bxh7+ Kxh7 15. Ng5+ Kg6 16. Ne4 Bxh2+ 17. Kxh2 Qh5+ 18. Qxh5+ Kxh5 19. g4+ Kg6 20. f4 Bd7 21. Nd6 Nd5 22. Bd2 f5 23. g5 b6 24. Kg3 Rh8 25. Rh1 Bc6 26. Nc4 Kf7 27. Ne5+ Ke7 28. Nxc6+ Kd6 29. Rxh8 Rxh8 30. Ne5 Rc8 31. Rc1 Rxc1 32. Bxc1 Nc7 33. Bd2 a5 34. Bc3 Kd5 35. Kf3 Nb5 36. Ke3 Nd6 37. Nd7 Kc6 38. Ne5+ Kd5 39. Kd3 Ne4 40. Be1 Nd6 41. a4 b5 42. axb5 Nxb5 43. Bc3 a4 44. Nc4 Kc6 45. Bb4 Nc7 46. Ne3 Kb5 47. Bd6 Ne8 48. Bf8 Ka5 49. Kc4 Kb6 50. Kb4 a3 51. bxa3 Kc6 52. a4 g6 53. Kc4 Nc7 54. Bg7 Na8 55. d5+ exd5+ 56. Nxd5 Kd6 57. Be5+ Kd7 58. Kc5 Ke6 59. Kc6 Kf7 60. Kb7 1-0

[Event "Gdansk-ch 5th"]
[Site "Gdansk"]
[Date "2003.11.08"]
[Round "2"]
[White "Turek, Andrzej"]
[Black "Mrozowicki, Ryszard"]
[Result "1-0"]
[WhiteElo "2084"]
[BlackElo "1800"]
[PlyCount "111"]
[EventDate "2003.11.07"]
[EventType "swiss"]
[EventRounds "9"]
[EventCountry "POL"]
[SourceTitle "EXT 2008"]
[Source "ChessBase"]
[SourceDate "2007.11.25"]
[SourceVersion "1"]
[SourceVersionDate "2007.11.25"]
[SourceQuality "1"]

1. e4 d6 2. d4 g6 3. Nc3 Bg7 4. f4 c6 5. Be3 Nh6 6. Nf3 Ng4 7. Bg1 f5 8. e5 Be6 9. h3 Nh6 10. Ng5 Bg8 11. Bd3 Nf7 12. Ne6 Qc8 13. Nxg7+ Kf8 14. Nxf5 gxf5 15. Qh5 e6 16. Bf2 d5 17. Bh4 Nd7 18. g4 fxg4 19. hxg4 c5 20. dxc5 Qxc5 21. Bf2 Qb4 22. 0-0 Kg7 23. Nb5 Qxf4 24. Nc7 Nfxe5 25. Nxa8 Bf7 26. Qh3 Nf6 27. Be3 Qxg4+ 28. Qxg4+ Nexg4 29. Bd4 e5 30. Bxa7 Rxa8 31. Bb6 Rc8 32. c3 Rc6 33. Ba7 h5 34. Rae1 e4 35. Bb5 Rc8 36. Bd4 Kg6 37. Rf4 Be6 38. Ref1 Nh7 39. Be2 Ng5 40. Kg2 Re8 41. Kg3 e3 42. Rf8 Re7 43. Kh4 Ne4 44. Bd3 Bf7 45. Rg1 Kf5 46. Rf1+ Ke6 47. Bxe4 dxe4 48. Re1 Rd7 49. Bxe3 Nxe3 50. Rxe3 Ke5 51. Kg5 Bxa2 52. Rf5+ Kd6 53. Rxe4 Bf7 54. Rd4+ Kc6 55. Rxd7 Kxd7 56. Rxf7+ 1-0